Pillar Denton Ltd, Highcross (No1) Ltd, Highcross (No2) Ltd, CSC (Eldon Square) Ltd, CSC Lakeside Ltd, Ravenscroft Properties Ltd v Michael John Andrew Jervis, Stuart David Madison, Game Retail Ltd (Record no. 84537)
[ view plain ]
| 000 -LEADER | |
|---|---|
| fixed length control field | 01747cab a22002535a 4500 |
| 001 - CONTROL NUMBER | |
| control field | L158242 |
| 008 - FIXED-LENGTH DATA ELEMENTS--GENERAL INFORMATION | |
| fixed length control field | 141106e2014 xxk 000 0 eng d |
| 035 ## - SYSTEM CONTROL NUMBER | |
| System control number | (Sirsi) u158242 |
| 041 0# - LANGUAGE CODE | |
| Language code of text/sound track or separate title | eng |
| 245 00 - TITLE STATEMENT | |
| Title | Pillar Denton Ltd, Highcross (No1) Ltd, Highcross (No2) Ltd, CSC (Eldon Square) Ltd, CSC Lakeside Ltd, Ravenscroft Properties Ltd v Michael John Andrew Jervis, Stuart David Madison, Game Retail Ltd |
| 260 ## - PUBLICATION, DISTRIBUTION, ETC. | |
| Date of publication, distribution, etc. | 2014 |
| 520 ## - SUMMARY, ETC. | |
| Summary, etc. | [2014] EWCA Civ 180, 24 February 2014. Appeal by landlords P et al and cross appeal by third respondent G concerning the extent to which rent falling due both before and after the appointment of administrators is treated as an expense of the administration. "Held" that where a property leased by a company in administration was retained by the administrator for the benefit of the administration, under the salvage principle the administrator had to pay the rent during the period for which he retained the property. The rent was treated as accruing from day to day and was payable as an expense of the administration. Appeal and cross appeal allowed. On 31 October 2014 UK Supreme Court refused permission for Games Retail Ltd to appeal, CA decision stands. |
| 590 ## - LOCAL NOTE (RLIN) | |
| Local note | KA |
| 650 24 - SUBJECT ADDED ENTRY--TOPICAL TERM | |
| Topical term or geographic name entry element | GAME GROUP PLC |
| 650 24 - SUBJECT ADDED ENTRY--TOPICAL TERM | |
| Topical term or geographic name entry element | PILLAR DENTON LTD ET AL V JERVIS ET AL |
| 650 24 - SUBJECT ADDED ENTRY--TOPICAL TERM | |
| Topical term or geographic name entry element | INSOLVENCY RULES 1986 |
| 650 24 - SUBJECT ADDED ENTRY--TOPICAL TERM | |
| Topical term or geographic name entry element | GOLDACRE (OFFICES) LTD V NORTEL NETWORKS UK LTD |
| 650 24 - SUBJECT ADDED ENTRY--TOPICAL TERM | |
| Topical term or geographic name entry element | LEISURE (NORWICH) II LTD V LUMINAR LAVA IGNITE LTD (IN ADMINISTRATION) |
| 651 #4 - SUBJECT ADDED ENTRY--GEOGRAPHIC NAME | |
| Geographic name | England and Wales |
| Chronological subdivision | 1543- |
| 690 ## - LOCAL SUBJECT ADDED ENTRY--TOPICAL TERM (OCLC, RLIN) | |
| Topical term or geographic name as entry element | Landlord and tenant |
| 9 (RLIN) | 6252 |
| 690 ## - LOCAL SUBJECT ADDED ENTRY--TOPICAL TERM (OCLC, RLIN) | |
| Topical term or geographic name as entry element | Insolvency |
| 9 (RLIN) | 6247 |
| 856 40 - ELECTRONIC LOCATION AND ACCESS | |
| Uniform Resource Identifier | <a href="https://www.bailii.org/ew/cases/EWCA/Civ/2014/180.html">https://www.bailii.org/ew/cases/EWCA/Civ/2014/180.html</a> |
| Public note | View the law report free of charge at www.bailii.org |
| 942 ## - ADDED ENTRY ELEMENTS (KOHA) | |
| Suppress in OPAC | 0 |
| Withdrawn status | Lost status | Source of classification or shelving scheme | Damaged status | Not for loan | Home library | Current library | Shelving location | Date acquired | Total Checkouts | Full call number | Barcode | Date last seen | Copy number | Price effective from | Koha item type |
|---|---|---|---|---|---|---|---|---|---|---|---|---|---|---|---|
| Dewey Decimal Classification | Virtual | Virtual | Online | 06/11/2014 | ONLINE PUBLICATION | 158242-2001 | 06/08/2019 | 1 | 06/08/2019 | Law report |